Statistics for MLB Baseball Single Season Stolen Bases Leader by Team

Click here to take the quiz!

General Stats

  • This quiz has been taken 85 times
  • The average score is 10 of 30

Answer Stats

TeamAnswerStealsYear% Correct
New York YankeesRickey Henderson931988
95%
Oakland AthleticsRickey Henderson1301982
95%
Texas RangersBump Wills521978
59%
New York MetsJose Reyes782007
55%
Detroit TigersTy Cobb961915
55%
Los Angeles DodgersMaury Wills1041962
52%
Cleveland IndiansKenny Lofton751996
48%
Philadelphia PhilliesBilly Hamilton1111891
47%
Miami MarlinsJuan Pierre652003
47%
Kansas City RoyalsWillie Wilson831979
47%
Tampa Bay RaysCarl Crawford602009
45%
Boston Red SoxJacoby Ellsbury702009
43%
Seattle MarinersHarold Reynolds601987
38%
Washington NationalsRon LeFlore971980
34%
Arizona DiamondbacksTony Womack721999
29%
Pittsburgh PiratesOmar Moreno961980
28%
Baltimore OriolesLuis Aparicio571964
21%
San Diego PadresAlan Wiggins701984
17%
Milwaukee BrewersTommy Harper731969
17%
Toronto Blue JaysDave Collins601984
14%
Los Angeles AngelsMicky Rivers701975
14%
Chicago White SoxRudy Law771983
14%
Houston AstrosGerald Young651988
12%
Colorado RockiesWilly Taveras682008
12%
Minnesota TwinsClyde Milan881912
9%
St. Louis CardinalsArlie Latham1291887
3%
Atlanta BravesKing Kelly841887
3%
Chicago CubsBill Lange841896
0%
Cincinnati RedsHugh Nicol1381887
0%
San Francisco GiantsJohn Ward1111887
0%

Score Distribution

Percentile by Number Answered

Percent of People with Each Score

Your Score History

You have not taken this quiz